000
00447nam a2200181Ia 4500
008
100917s9999 xx 000 0 und d
082
_b
60811
100
_a
गायकवाड बाबुराव
245
_a
झळ
260
_b
सुरेश राऊत
_c
1980
300
_a
74
365
_b
8
520
_a
कादंबरी
630
_a
झळ
650
_a
कादंबरी
730
_a
झळ
942
_c
BOOK
999
_c
666205
_d
666202